LEADER 00855nam0-22003011i-450- 001 990004487360403321 005 20120608121435.0 035 $a000448736 035 $aFED01000448736 035 $a(Aleph)000448736FED01 035 $a000448736 100 $a19990604f19101890km-y0itay50------ba 101 0 $afre 105 $ay-------001yy 200 1 $aPsychologie$eappliquée à l'éducation$fGabriel Compayré 205 $a12. ed. 210 $aParis$cLibrairie Classique Paul Delaplane$d[1910] 215 $av.$d18 cm 327 0 $a1.: Notions theoriques. - [1890.] . - 299 p. 676 $a370.152 700 1$aCompayré,$bGabriel$0387813 801 0$aIT$bUNINA$gRICA$2UNIMARC 901 $aBK 912 $a990004487360403321 952 $a370.152 COM 1$bBibl. 46630$fFLFBC 959 $aFLFBC 996 $aPsychologie$9546629 997 $aUNINA LEADER 01073nam0-22003611i-450- 001 990005601770403321 005 20141028125225.0 035 $a000560177 035 $aFED01000560177 035 $a(Aleph)000560177FED01 035 $a000560177 100 $a19990604d1966----km-y0itay50------ba 101 0 $aita 102 $aIT 105 $aa---ac--001yy 200 1 $aPittura tardoromana$fWladimiro Dorigo$gprefazione di Sergio Bettini 210 $aMilano$cFeltrinelli$d1966 215 $aXV, 358 p.$cill.$d28 cm 610 0 $aPittura romana$aSec. 1.-6. 676 $a759.01$v21$zita 700 1$aDorigo,$bWladimiro$f<1927- >$010395 702 1$aBettini,$bSergio$f<1905-1986> 801 0$aIT$bUNINA$gRICA$2UNIMARC 901 $aBK 912 $a990005601770403321 952 $a759.01 DOR 1$bST.ARTE 7198$fFLFBC 952 $a14.161$b4981$fDARST 952 $a759.01 DOR 1 (BIS)$bARCH. 12869$fFLFBC 952 $a759.01 DOR 1 (TER)$bIst.Fil.Cl.3431$fFLFBC 959 $aFLFBC 959 $aDARST 996 $aPittura tardoromana$9282620 997 $aUNINA